000 00484nam a2200157 4500
001 120694
003 ES-MaACL
005 20230906191613.0
007 t|
008 070214s1970 sp r ||||1| spa d
100 1 _aPradera, Francisco Javier.
_993589
245 1 0 _aPatrones de vela /
_cFrancisco Javier Pradera.
260 _aSan Sebastián :
_b[s. n.],
_c1970 (
_eZarauz :
_fImp. Icharopena)
300 _a152 p., 1 lám. :
_bil. ;
_c18 cm.
852 _aES-MaACL
_jC-48193
_bR.73071
999 _c120694
_d120694